LIBRARY ONLINE CATALOGUE

John Stott : (Record no. 4919)

MARC details
000 -LEADER
fixed length control field 00577cam a22001932 4500
001 - CONTROL NUMBER
control field 0000000797
005 - DATE AND TIME OF LATEST TRANSACTION
control field 20151217151757.0
008 - FIXED-LENGTH DATA ELEMENTS--GENERAL INFORMATION
fixed length control field 070220s xx 000 0 eng d
040 ## - CATALOGING SOURCE
Original cataloging agency KABU
Transcribing agency KABU
050 #0 - LIBRARY OF CONGRESS CALL NUMBER
Classification number BX5199
Item number .S8344D83
100 1# - MAIN ENTRY--PERSONAL NAME
Personal name Dudley- Smith, Timothy.
-- 0000149164
245 10 - TITLE STATEMENT
Title John Stott :
Remainder of title a global ministry /
Statement of responsibility, etc. Timothy Dudley-Smith.
260 ## - PUBLICATION, DISTRIBUTION, ETC. (IMPRINT)
Place of publication, distribution, etc. Leicester :
Name of publisher, distributor, etc. Inter Varsity Press.,
Date of publication, distribution, etc. 2001.
300 ## - PHYSICAL DESCRIPTION
Extent 538 p.
600 10 - SUBJECT ADDED ENTRY--PERSONAL NAME
Personal name Stott, John R. W.
-- 0000112162
908 ## - PUT COMMAND PARAMETER (RLIN)
Put command parameter 070220
950 ## - LOCAL HOLDINGS (RLIN)
-- 1
Holdings
Withdrawn status Lost status Source of classification or shelving scheme Not for loan Home library Current library Date acquired Total Checkouts Full call number Barcode Date last seen Price effective from Koha item type
    Library of Congress Classification   Kabarak, Main Campus Kabarak, Main Campus 17/12/2015   BX5199 .S8344D83 000287 17/12/2015 17/12/2015 General Collection